[Event "GER-chT School WK 2"]
[Site "Playchess.com INT"]
[Date "2020.06.15"]
[Round "7.2"]
[White "Katzenbach, Linus"]
[Black "Brunck, Ole"]
[Result "1-0"]
[WhiteElo "1584"]
[BlackElo "1877"]
[PlyCount "63"]
[EventDate "2020.06.08"]
[EventType "team-swiss (blitz)"]
[EventRounds "7"]
[EventCountry "GER"]
[SourceTitle "EXT 2021"]
[Source "ChessBase"]
[SourceDate "2020.10.23"]
[SourceVersion "1"]
[SourceVersionDate "2020.10.23"]
[SourceQuality "1"]
[WhiteTeam "Berlin Kollwith Gymn"]
[BlackTeam "Weierh Gymn"]
[WhiteTeamCountry "GER"]
[BlackTeamCountry "GER"]

1. e4 c5 2. Nf3 d6 3. d4 cxd4 4. Nxd4 Nf6 5. Nc3 g6 6. Be3 Bg7 7. f3 0-0 8. Qd2 Nc6 9. 0-0-0 d5 10. Kb1 a6 11. h4 Re8 12. h5 Nxd4 13. Bxd4 e5 14. Bf2 d4 15. hxg6 hxg6 16. Bh4 Be6 17. Ne2 Qc7 18. g4 Rac8 19. Nc1 Red8 20. Bd3 b5 21. f4 Bc4 22. f5 Rd6 23. Bxf6 Rxf6 24. g5 Rc6 25. f6 Bxd3 26. cxd3 Rc2 27. Qe1 Bf8 28. Ne2 Bb4 29. Qxb4 Rxe2 30. Rd2 Rxd2 31. Qxd2 a5 32. Qh2 1-0

[Event "GER-chT U16"]
[Site "Magdeburg"]
[Date "2019.12.29"]
[Round "5.5"]
[White "Katzenbach, Linus"]
[Black "Glinzner, Alva"]
[Result "1/2-1/2"]
[WhiteElo "1672"]
[BlackElo "1812"]
[PlyCount "54"]
[EventDate "2019.12.27"]
[EventType "team-swiss"]
[EventRounds "7"]
[EventCountry "GER"]
[SourceTitle "CBM 194 Extra"]
[Source "ChessBase"]
[SourceDate "2020.03.31"]
[SourceVersion "1"]
[SourceVersionDate "2020.03.31"]
[SourceQuality "1"]
[WhiteTeam "Lichtenberg Borussia"]
[BlackTeam "Luebeck"]
[WhiteTeamCountry "GER"]
[BlackTeamCountry "GER"]

1. e4 c6 2. d4 d5 3. Nc3 dxe4 4. Nxe4 Bf5 5. Ng3 Bg6 6. h4 h6 7. Nf3 Nd7 8. h5 Bh7 9. Bd3 Bxd3 10. Qxd3 Ngf6 11. Bd2 e6 12. 0-0-0 Be7 13. Ne4 Nxe4 14. Qxe4 Nf6 15. Qe2 Qd5 16. c4 Qe4 17. Qxe4 Nxe4 18. Be3 0-0 19. Ne5 Rfd8 20. g4 Rac8 21. Kc2 Rd6 22. Kd3 Nf6 23. Ke2 Nd7 24. Bf4 Nf8 25. Be3 f6 26. Nd3 Kf7 27. Rd2 Rdd8 1/2-1/2

[Event "Hofheim Spring op-B 7th"]
[Site "Hofheim"]
[Date "2019.04.26"]
[Round "6"]
[White "Katzenbach, Linus"]
[Black "Schwarz, Matthias1111"]
[Result "0-1"]
[WhiteElo "1657"]
[BlackElo "1733"]
[PlyCount "62"]
[EventDate "2019.04.23"]
[EventType "swiss"]
[EventRounds "9"]
[EventCountry "GER"]
[SourceTitle "CBM 190 Extra"]
[Source "ChessBase"]
[SourceDate "2019.07.15"]
[SourceVersion "1"]
[SourceVersionDate "2019.07.15"]
[SourceQuality "1"]

1. e4 e5 2. Nf3 Nc6 3. Bc4 Nf6 4. d3 Bc5 5. c3 d6 6. 0-0 a6 7. a4 h6 8. d4 exd4 9. cxd4 Ba7 10. Nc3 Bg4 11. e5 dxe5 12. dxe5 Qxd1 13. Rxd1 Bxf3 14. gxf3 Nh7 15. Bf4 Ng5 16. Bd5 Nh3+ 17. Kf1 Nxf4 18. e6 fxe6 19. Re1 Nxd5 20. Nxd5 0-0-0 21. Nf4 Rd2 22. Re2 Rxe2 23. Kxe2 Rf8 24. Ng6 Nd4+ 25. Kf1 Rxf3 26. Ne5 Rxf2+ 27. Kxf2 Nc2+ 28. Kf3 Nxa1 29. Kg4 Bd4 30. Nd3 Nb3 31. Kf4 Nc5 0-1

[Event "Hofheim Spring op-B 7th"]
[Site "Hofheim"]
[Date "2019.04.26"]
[Round "7"]
[White "Weiland, Thomas"]
[Black "Katzenbach, Linus"]
[Result "1/2-1/2"]
[WhiteElo "1820"]
[BlackElo "1657"]
[PlyCount "40"]
[EventDate "2019.04.23"]
[EventType "swiss"]
[EventRounds "9"]
[EventCountry "GER"]
[SourceTitle "CBM 190 Extra"]
[Source "ChessBase"]
[SourceDate "2019.07.15"]
[SourceVersion "1"]
[SourceVersionDate "2019.07.15"]
[SourceQuality "1"]

1. c4 Nf6 2. Nc3 e6 3. Nf3 d5 4. cxd5 exd5 5. d4 c6 6. Bg5 Bd6 7. e4 dxe4 8. Nd2 Be7 9. Bc4 Qxd4 10. 0-0 0-0 11. Re1 Nbd7 12. Ncxe4 Nb6 13. Bxf6 Bxf6 14. Nxf6+ Qxf6 15. Ne4 Qg6 16. Bb3 Be6 17. Bxe6 Qxe6 18. Nc5 Qc8 19. Re7 Rb8 20. Qb3 Nd5 1/2-1/2

[Event "Hofheim Spring op-B 7th"]
[Site "Hofheim"]
[Date "2019.04.25"]
[Round "5"]
[White "Steinke, Hans Joerg"]
[Black "Katzenbach, Linus"]
[Result "1/2-1/2"]
[WhiteElo "1784"]
[BlackElo "1657"]
[PlyCount "46"]
[EventDate "2019.04.23"]
[EventType "swiss"]
[EventRounds "9"]
[EventCountry "GER"]
[SourceTitle "CBM 190 Extra"]
[Source "ChessBase"]
[SourceDate "2019.07.15"]
[SourceVersion "1"]
[SourceVersionDate "2019.07.15"]
[SourceQuality "1"]

1. d4 Nf6 2. c4 e6 3. Nf3 b6 4. g3 d5 5. Bg2 Bb7 6. 0-0 Bd6 7. Nc3 c6 8. cxd5 exd5 9. Re1 0-0 10. e4 dxe4 11. Nxe4 Nxe4 12. Rxe4 c5 13. Re1 Nc6 14. dxc5 Bxc5 15. Be3 Bb4 16. Bd2 Qf6 17. Bxb4 Nxb4 18. Qb3 Rad8 19. Qxb4 Bxf3 20. Bxf3 Qxf3 21. Re3 Rd1+ 22. Rxd1 Qxd1+ 23. Re1 Qd8 1/2-1/2

[Event "Hofheim Spring op-B 7th"]
[Site "Hofheim"]
[Date "2019.04.24"]
[Round "2"]
[White "Katzenbach, Linus"]
[Black "Schroeder, Stefan1111"]
[Result "1-0"]
[WhiteElo "1657"]
[BlackElo "1760"]
[PlyCount "37"]
[EventDate "2019.04.23"]
[EventType "swiss"]
[EventRounds "9"]
[EventCountry "GER"]
[SourceTitle "CBM 190 Extra"]
[Source "ChessBase"]
[SourceDate "2019.07.15"]
[SourceVersion "1"]
[SourceVersionDate "2019.07.15"]
[SourceQuality "1"]

1. e4 e6 2. d3 d5 3. Nd2 Nf6 4. Ngf3 c5 5. g3 Nc6 6. Bg2 Be7 7. 0-0 0-0 8. Re1 b5 9. e5 Nd7 10. h4 a5 11. Nf1 b4 12. N1h2 a4 13. Bf4 Nb6 14. Ng4 c4 15. Ng5 Bd7 16. Nh6+ gxh6 17. Nxh7 Kxh7 18. Qh5 Rh8 19. Qxf7# 1-0